000 00497nam a2200193 i 4500
001 bgj
100 1 _aTRYON, Thomas
_d(1926- ).
245 1 0 _aLady /
_cThomas Tryon.
260 _aNew York :
_bAlfred A. Knopf,
_cc. 1974.
300 _a[2], 278 pp ;
_c22 cm.
490 1 _aA Borzoi Book
650 9 _aFiction in English
_xAmerican writers
_y1945-
655 _aTexts
830 _aA Borzoi Book
040 _cBPK
041 0 _aeng
942 _cKS
008 s uk f |000 0 eng
999 _c48679
_d48679
856 _uhttp://koha.tu.koszalin.pl/cgi-bin/koha/opac-detail.pl?biblionumber=48679
_yKatalog online BPK